000 00309 a2200133 4500
001 56297
082 _a621.31078 ZBA
090 _c34816
_d34816
100 _aZbar, P. B
245 _aBasic electricity , a text lab manual, 7/E
250 _a7
260 _aBoston
_bMcGRaw
_c2001
300 _axii, 460
942 _aNUST-CAE
_k621.31078 ZBA
999 _c291370
_d291370